000 01444cam a2200145 4500500
005 20251214005325.0
041 _afre
042 _adc
100 1 0 _aRochefort, Florence
_eauthor
700 1 0 _aSanna, Maria Eleonora
_eauthor
245 0 0 _aNormes religieuses et genre : Mutations, résistances et reconfiguration (XIXe-XXIe siècle)
260 _bArmand Colin,
_c2013.
520 _aLes religions ont joué et jouent encore un rôle clé dans l’élaboration et la reproduction des normes de genre, à savoir le processus de différenciation et de hiérarchisation des sexes et des sexualités. Comment les univers religieux réagissent-ils alors aux mutations des mondes contemporains, en particulier sur les questions des droits des femmes, de la liberté sexuelle et de l’homosexualité ? À travers une variété d’études de cas concernant la religion chinoise, le judaïsme, le protestantisme, le catholicisme et l’islam dans des aires géographiques contrastées, de la Chine, d’Israël, de la Tunisie, du Mexique, de la Polynésie à la France et l’Europe, cet ouvrage explore les adaptations, les reconfigurations ou les raidissements des normes religieuses, autant que les résistances notables qui s’expriment pour concilier croyances religieuses, égalité de genre et démocratie sexuelle.
856 4 1 _uhttps://shs.cairn.info/normes-religieuses-et-genre--9782200285562?lang=fr&redirect-ssocas=7080
999 _c1568772
_d1568772